000 00914cam a2200289 4500
001 2668676
003 OSt
005 20180116183009.0
008 740301r19741961nyu 000 1 eng
010 _a 73011627
020 _a0385038313
040 _aDLC
_cDLC
_dDLC
050 0 0 _aPZ4.B593
_bMo
_aPS3552.I43
082 0 0 _a813/.5/4 BIG 1975
100 1 _aBiggle, Lloyd,
_cJr.,
_d1923-2002.
245 1 0 _aMonument
_c[by] Lloyd Biggle, Jr.
250 _a[1st ed.]
260 _aGarden City, N.Y.,
_bDoubleday,
_c1974.
300 _a185 p.
_c22 cm.
350 _a$4.95
490 0 _aDoubleday science fiction
500 _a"First published in Analog magazine, June 1961. Included in Analog 1, edited by John W. Campbell, Jr. ... 1963."
655 7 _aScience fiction.
_2gsafd
730 _aAnalog science fact & science fiction.
906 _a7
_bcbc
_corignew
_d2
_eocip
_f19
_gy-gencatlg
942 _2ddc
_cBK
999 _c350176
_d350176